000 00765nam a2200229 a 4500
001 40093
003 BD-RjUL
005 20211209053132.0
008 160423s1960 bg ||||| |||| 00| 0 ben d
020 _c: PRs 1.75
035 _a(BD-RjUL)40208
040 _aBD-RjUL
_bben
_cBD-RjUL
041 _aben
082 _223
_a891.443
_bHAA 1960
100 _aহক, হাবিবুল
_9123462
245 1 0 _aআফ্রিকার জঙ্গলে /
_cহাবিবুল হক
260 _aঢাকা :
_bস্টুডন্ট ওয়েজ,
_c১৯৬০
300 _a[৬], ৮৭ পৃ. ;
_c১৭ সেমি.
650 _aবাংলা উপন্যাস
_9123463
650 _aBengali Fiction
_9123464
942 _2ddc
_cBK
999 _c40093
_d40093